000
00341nam a22001457a 4500
008
230928b ||||| |||| 00| 0 eng d
020
_a
9789951550444
041
_a
Shqip
080
_2
2023
_a
612
082
_a
612FEK
100
_a
16
101
_a
SUB IAM
245
_a
KIMIA E PERGJITHSHME DHE INORGANIKE
_c
FEKA FIDAN
942
_2
udc
_c
BK
999
_c
60413
_d
60413